La descentralización óptima (Registro nro. 5531)

Detalles MARC
000 -LEADER
fixed length control field 01539 a2200205 4500
001 - CONTROL NUMBER
control field 54371
005 - DATE AND TIME OF LATEST TRANSACTION
control field 20260407155816.0
008 - FIXED-LENGTH DATA ELEMENTS--GENERAL INFORMATION
fixed length control field 260407a1973 arg spa d
003 - CONTROL NUMBER IDENTIFIER
control field AR-UNSa-BCEJYS
040 ## - CATALOGING SOURCE
Original cataloging agency AR-UNSa-BCEJYS
Language of cataloging spa
Transcribing agency AR-UNSa-BCEJYS
080 ## - UNIVERSAL DECIMAL CLASSIFICATION NUMBER
Universal Decimal Classification number 342.25
Common auxiliary subdivision Centralización y descentralización. Autonomía regional. Transferencia de poderes. Autonomía local (Home rule). Órganos locales del gobierno central
020 ## - INTERNATIONAL STANDARD BOOK NUMBER
International Standard Book Number 978-84-500-5772-0
100 1# - MAIN ENTRY--PERSONAL NAME
Personal name Dominguez del Brio, Francisco
245 10 - TITLE STATEMENT
Title La descentralización óptima
264 #1 - PRODUCTION, PUBLICATION, DISTRIBUTION, MANUFACTURE, AND COPYRIGHT NOTICE
Place of production, publication, distribution, manufacture Madrid :
Name of producer, publisher, distributor, manufacturer Instituto de Desarrollo Económico
Date of production, publication, distribution, manufacture, or copyright notice 1973
300 ## - PHYSICAL DESCRIPTION
Extent 402 p.
Dimensions 19 cm.
505 ## - FORMATTED CONTENTS NOTE
Formatted contents note I. Introducción general - Primera parte: Nuevos instrumentos para un nuevo enfoque - II. Los juegos de estrategia - III. El grupo antes la decisión - IV. Los esquemas de arbitraje equitativo - Segunda parte: Federalismo fiscal y la crisis de las haciendas menores - V. El sentido profundo de una crisis - VI. El complejo mundo teórico del federalismo fiscal - Tercera parte: Modelos de localización espacial y problemas conexos - VII. Elaboración en torno al universo tieboutiano de las haciendas menores - Cuarta parte: Descentralización y economías externas: El modelo de la descentralización cooperativa - VIII. Efectos externos inducidos intercomunitarios y la optimalidad paretiana - IX. Cooperación óptima y el comportamiento intercomunitario - Quinta parte: Conclusiones de síntesis - X. Algunos mensajes
590 ## - LOCAL NOTE (RLIN)
Local note niveau_biblio:m niveau_hierar:0
942 ## - ADDED ENTRY ELEMENTS (KOHA)
Koha item type
Existencias
Withdrawn status Lost status Damaged status Not for loan Home library Current library Shelving location Date acquired Total checkouts Full call number Barcode Date last seen Price effective from Koha item type
        Biblioteca Prof. Eusebio Cleto del Rey Biblioteca Prof. Eusebio Cleto del Rey   07/04/2026   342.25 D671 L33399 07/04/2026 07/04/2026 Libro
        Biblioteca Prof. Eusebio Cleto del Rey Biblioteca Prof. Eusebio Cleto del Rey   07/04/2026   342.25 D671 L58109 07/04/2026 07/04/2026 Libro